Foods A-Z by Picture - Statistics

General Stats
  • This quiz has been taken 255 times
  • The average score is 18 of 26
Answer Stats
Picture Answer % Correct
Bread
100%
Egg
96%
Ice cream
95%
Garlic
94%
Lime
92%
Noodles
82%
Fig
81%
Jelly
80%
Kale
80%
Cranberry
79%
Pickles
75%
Melon
73%
Anchovy
72%
Watermelon
72%
Hazelnut
71%
Radish
68%
Vanilla
67%
Durian
65%
Squash
64%
Okra
62%
Yogurt
57%
Zucchini
55%
Turnip
53%
Quinoa
47%
Ube
22%
Ximenia
3%
No matching quizzes found
Score Distribution
Percent of People with Each Score
Percentile by Number Answered
Your Score History
You have not taken this quiz